Dexter, Prison Break ou Desperate Housewives - Statistiques

Statistiques générales
  • Ce quiz a été pris 1 083 fois
  • Le résultat moyen est 59 sur 100
Statistiques - réponses
Hint Réponse % Correct
Lincoln Burrows Prison Break
95%
Dexter « Dex » Morgan Dexter
94%
Bree Van de Kamp Desperate Housewives
92%
Michael Scofield / Kaniel Outis Prison Break
92%
Gabrielle Solis Desperate Housewives
90%
Susan Mayer Desperate Housewives
89%
Lynette Scavo Desperate Housewives
87%
Fernando Sucre Prison Break
86%
Rex Van de Kamp Desperate Housewives
85%
Harrison « Harry » Morgan Dexter
83%
Edie Britt Desperate Housewives
82%
Carlos Solis Desperate Housewives
82%
Theodore « T-Bag » Bagwell Prison Break
82%
Paul Young Desperate Housewives
81%
L.J. Burrows Prison Break
81%
Mike Delfino Desperate Housewives
80%
Tom Scavo Desperate Housewives
80%
Debra « Deb » Morgan Dexter
80%
Angelo « Angel » Batista Dexter
80%
John Abruzzi Prison Break
80%
Julie Mayer Desperate Housewives
79%
Sara Tancredi Prison Break
78%
Karl Mayer Desperate Housewives
76%
Joseph « Joey » Quinn Dexter
75%
Orson Hodge Desperate Housewives
74%
Mary Alice Young Desperate Housewives
74%
Vincent « Vince » Masuka Dexter
74%
Betty Applewhite Desperate Housewives
73%
Zach Young Desperate Housewives
73%
Katherine Mayfair Desperate Housewives
73%
Benjamin « C-Note » Miles Franklin Prison Break
73%
Astor Bennett Dexter
71%
Charles « Le Disjoncté » Patoshik Prison Break
71%
Paul Kellerman / Owen Kravecki Prison Break
70%
Alexander Mahone Prison Break
70%
Brad Bellick Prison Break
70%
Jamie Batista Dexter
69%
David "L'acrobate" Apolskis Prison Break
67%
Rita Bennett Dexter
66%
James Doakes Dexter
66%
Maria LaGuerta Dexter
66%
Charles Westmoreland Prison Break
66%
Frank Lundy Dexter
65%
Dylan Mayfair Desperate Housewives
64%
Felicia Tilman Desperate Housewives
63%
Cody Bennett Dexter
62%
Arthur Mitchell / Trinité Dexter
62%
John Rowland Desperate Housewives
61%
Sylvia Prado Dexter
61%
Laura Moser Dexter
61%
Dave Williams Desperate Housewives
60%
Ramon Prado Dexter
59%
Veronica Donovan Prison Break
59%
Renee Perry Desperate Housewives
58%
Paul Bennett Dexter
57%
Rudy Cooper / Brian Moser Dexter
57%
Thomas « Tom » Matthews Dexter
56%
Hannah McKay Dexter
56%
Terrence Steadman Prison Break
55%
Victor Lang Desperate Housewives
54%
Angie Bolen Desperate Housewives
54%
Henry Pope Prison Break
53%
Evelyn Vogel Dexter
52%
George Williams Desperate Housewives
51%
Lila Tournay Dexter
51%
William « Bill » Kim Prison Break
51%
Sal Price Dexter
50%
Jacob Anton Ness « Poseidon » Prison Break
50%
Norman « Lechero » St. John Prison Break
50%
Carlos Guerrero Dexter
48%
Maricruz Delgado Prison Break
48%
George King / Jorge Orozco Dexter
47%
Gretchen Morgan Prison Break
46%
Donald Self Prison Break
46%
James Whistler Prison Break
46%
Kayla Huntington Desperate Housewives
45%
Lee McDermott Desperate Housewives
43%
Camilla Figg Dexter
42%
Caroline Reynolds Prison Break
42%
Nick Savrinn Prison Break
42%
Bob Hunter Desperate Housewives
41%
Chuck Vance Desperate Housewives
41%
Zach Hamilton Dexter
41%
Jake Simms Dexter
41%
Cassie Jollenston Dexter
39%
Christine Hill Dexter
36%
Ben Faulkner Desperate Housewives
34%
Roy Bender Desperate Housewives
34%
Niki Walters Dexter
34%
David « Whip » Martin Prison Break
34%
Austin McCann Desperate Housewives
33%
Sheba Prison Break
32%
Sofia Lugo Prison Break
32%
Nika Volek Prison Break
31%
Seth "Cherry" Hoffner Prison Break
29%
Jackson Braddock Desperate Housewives
27%
Angie Miller Dexter
21%
Richard Sullins Prison Break
19%
Sœur Mary Francis Prison Break
13%
Felicia Lang Prison Break
12%
Aucun quiz correspondant
Distribution des résultats
% des personnes avec chaque résultat
Percentile par nombre de réponses
Votre historique - résultats
Vous n’avez pas pris ce quiz